Szczegóły MARC21

Untersuchungen zum Prosawerk Thomas Bernhards : die Studie und der Geistesmensch : Entwicklungstendenzen in der literarischen Verarbeitung eines Grundmotivs /

003 -Nazwa inst., której nr kontr. jest w polu 001 [,]
    • @
    • Nazwa instytucji, której n kontrolny jest w polu 001
    • NUKAT
005 -DATA I CZAS OSTATNIEJ MODYFIKACJI [,]
    • @
    • pole kontrolne
    • 20241231105035.0
020 -Międzynarod. znormalizowany nr książki - ISBN [ , ]
    • a
    • Numer ISBN
    • 3631339798 Find
040 -Instytucja sporządzająca opis [ , ]
    • a
    • Instytucja, która sporządziła opis (NP)
    • SZCZ U/ML
    • b
    • Język katalogowania
    • pol
    • e
    • Zasady katalogowania
    • rda
    • c
    • Instytucja, która sporządziła rekord (NP)
    • SZCZ U/MLs
    • d
    • Instytucja, która zmodyfikowała rekord (P)
    • SZCZ U/JS
044 -Kraj miejsca wydania [ , ]
    • a
    • Kraj miejsca wydania
    • Niemcy
    • a
    • Kraj miejsca wydania
    • Szwajcaria
    • a
    • Kraj miejsca wydania
    • Stany Zjednoczone po 1988
    • a
    • Kraj miejsca wydania
    • Francja
    • a
    • Kraj miejsca wydania
    • Austria
942 -Rodzaj dokumentu [ , ]
    • c
    • Rodzaj dokumentu
    • Książka
100 -Hasło główne - nazwa osobowa [1, ]
    • a
    • Nazwa osobowa (NP)
    • Podszun, Johannes Frederick G.
    • d
    • Daty biograficzne (NP)
    • (1969- ).
    • e
    • Rodzaj współpracy
    • Autor
    • 9
    • KHW
    • 496519
245 -Strefa tytułu i oznaczenia odpowiedzialności [1,0]
    • a
    • Tytuł
    • Untersuchungen zum Prosawerk Thomas Bernhards : Find
    • b
    • Ciąg dalszy tytułu (NP)
    • die Studie und der Geistesmensch : Entwicklungstendenzen in der literarischen Verarbeitung eines Grundmotivs / Find
    • c
    • Pozostałe elementy strefy tytułu i oznaczenia odpowiedzialności (NP)
    • Johannes Frederik G. Podszun.
260 -Strefa adresu wydawniczego [ , ]
    • a
    • Miejsce wydania (P)
    • Frankfurt am Main ;
    • a
    • Miejsce wydania (P)
    • Berlin ;
    • a
    • Miejsce wydania (P)
    • Bern ;
    • a
    • Miejsce wydania (P)
    • New York ;
    • a
    • Miejsce wydania (P)
    • Paris ;
    • a
    • Miejsce wydania (P)
    • Wien :
    • b
    • Nazwa wydawcy (P)
    • Peter Lang Europäischer Verlag der Wissenschaften,
    • c
    • Data wydania (P)
    • © 1998.
300 -Strefa opisu fizycznego [ , ]
    • a
    • Określenie formy książki i/lub objętość (NP)
    • 175 stron ;
    • c
    • Format (NP)
    • 21 cm.
336 -Typ zawartości [ , ]
    • a
    • Termin opisujący typ zawartości
    • Tekst
    • b
    • Kod określający zawartość
    • txt
    • 2
    • Źródło (terminu i kodu)
    • rdacontent
337 -Typ mediów [ , ]
    • a
    • Tryb odtwarzania
    • Bez urządzenia pośredniczącego
    • b
    • Kod typu mediów
    • n
    • 2
    • Źródło (terminu i kodu)
    • rdamedia
338 -Typ/rodzaj nośnika [ , ]
    • a
    • Hasło opisujące typ nośnika
    • Wolumin
    • b
    • Kod typu nośnika
    • nc
    • 2
    • Źródło (terminu i kodu)
    • rdacarrier
490 -Strefa serii i książki wielotomowej - forma nie do wyszukiwania [1, ]
    • a
    • Tytuł (P)
    • Giessener Arbeiten zur Neueren Deutschen Literatur und Literaturwissenschaft, Find
    • x
    • ISSN (NP)
    • 0721-7897 ;
    • v
    • Numeracja (P)
    • Bd. 20
830 -Hasło dodatkowe serii i opisu książki wielotomowej - tytuł ujednolicony/tytuł [ ,0]
    • a
    • Tytuł ujednolicony/tytuł (NP)
    • Giessener Arbeiten zur Neueren Deutschen Literatur und Literaturwissenschaft
    • x
    • ISSN
    • 0721-7897
    • v
    • Oznaczenie tomu (NP)
    • Bd. 20
    • 9
    • KHW
    • 468626
504 -Uwaga dot. bibliogr. załącznikowej [ , ]
    • a
    • Uwaga dot. bibliografii załącznikowej
    • Bibliografia na stronach 159-174.
600 -Hasło przedmiotowe w formie nazwy osobowej [1,7]
    • a
    • Nazwa osobowa
    • Bernhard, Thomas
    • d
    • Daty związane z nazwą
    • (1931-1989)
    • x
    • Określnik rzeczowy
    • krytyka i interpretacja.
    • 2
    • Źródło terminu
    • kaba
    • 9
    • KHW
    • 461125
600 -Hasło przedmiotowe w formie nazwy osobowej [1,7]
    • a
    • Nazwa osobowa
    • Bernhard, Thomas
    • d
    • Daty związane z nazwą
    • (1931-1989)
    • x
    • Określnik rzeczowy
    • tematy, motywy.
    • 2
    • Źródło terminu
    • kaba
    • 9
    • KHW
    • 454859
710 -Hasło dodatkowe - nazwa ciała zbiorowego [2, ]
    • a
    • Nazwa ciała zbiorowego lub nazwa geograficzna jako pierwszy element (NP)
    • Verlag Peter Lang.
    • e
    • Rodzaj współpracy
    • Wydawca
    • 4
    • Kod relacji
    • pbl
    • 9
    • KHW
    • 613284
920 -ISBN [ , ]
    • a
    • ISBN
    • 3-631-33979-8 Find
Sygnatura Status udost. Numer inwentarzowy Data inwentaryzacji Lokalizacja
Germ. Literaturozn.–Bernhard 13-3G.198502019-02-07BM